00318nam a2200121Ia 4500008004100000100001100041245005600052260004300108300001100151650001200162942000700174999001500181190216s9999||||xx |||||||||||||| ||und|| aRam. B 0aComputer Fundamentals Architecture And Organisation bNew Age International Publishersc2000 a10.15p aPhysics cBK c8488d8488